000 00910cam a2200253 i 4500
001 3162169
003 NUST-PNEC
005 20170116180710.0
008 750715s1976 dcud 001 0 eng
010 _a 75023056
020 _a0070512701
040 _cPNEC
041 1 _aengscr
050 0 0 _aQC311.3
_b.R3913
082 0 0 _a621.4021 RAZ
100 1 _aRaznjevic, Kuzman
_9516
245 1 0 _aHandbook of thermodynamic tables and charts /
_cKuzman Ražnjević ; [translated by Marijan Boškovic and Richard Podhorsky].
260 _aWashington :
_bHemisphere Pub. Corp.,
_cc1976.
300 _aviii, 392 p. :
_bcharts
_c29 cm.
500 _ahttp://www.amazon.com/Handbook-Thermodynamic-Tables-Kuzman-Raznjevic/dp/0070512701/ref=sr_1_1?s=books&ie=UTF8&qid=1412312233&sr=1-1&keywords=0070512701
650 0 _aThermodynamics
_xME
906 _a7
_bcbc
_corignew
_d1
_eocip
_f19
_gy-gencatlg
942 _2ddc
_cBK
999 _c60927
_d60927